000 00744nam a22001937a 4500
005 20130808170752.0
010 _aB-508446-447
020 _a9789350751039
_c165.00
035 _aB-508446-447
037 _adpl
_bKKP/Ven
082 _a301
100 _aMishra, Atul Kumar
245 _aUnion Public Service Commission (UPSC) IAS Civil Service (Main) Examination: Sociology (Paper I &II) /
_cby Atul Kumar Mishra
260 _aNew Delhi
_bArihant Publications (India) Ltd.
270 _a4577/15,Agarwal Road,Darya Ganj,
_bNew Delhi
_e110002
_k47630600
_l23280316
300 _a215p.
_c20cm.(pbk)
942 _2ddc
_cEN
_mMIS
_h301
999 _c78325
_d78325